000 00878nas a2200253Ia 4500
001 R020/42812
003 IT-RoPAU
008 151124c99999999xx |||||||||||| ||und||
040 _aIT-RoPAU
040 _cIT-RoPAU
041 _aITALIANO
100 _aGallagher Tag
_gCodice Aut. SPICS: 21325
210 _aGRIFFITHIANA
222 _aGriffithiana
245 _aGRIFFITHIANA, ANNO 07-N.18/19/20/21 (OTTOBRE 1984)
_bFrancis Ford-Una Filmografia
250 _a1a ed.
260 _aGENOVA - UDINE
_bHUMOUDA A.R. / CINEPOPOLARE
_c1984
501 _bPaulus - SPICS - Società San Paolo EM (non-commercial uses only)
_cCopyright2015
300 _a16 p. [205-220]
362 _aANNO 007, N.18/19/20/21 (OTTOBRE 1984)
500 _aFilmografia di Francis Ford in Ordine Cronologico Anno per Anno Dal 1908 al 1953.
650 _aCINEMA
_vPUBBLICAZIONE PERIODICA
942 _cCR
999 _c122879
_d122879